| 000 | 00668cam a22002171 4500 | ||
|---|---|---|---|
| 001 | ne 62000939 | ||
| 003 | DLC | ||
| 005 | 20260227111736.0 | ||
| 008 | 890402s1942 tu 000 0 tur | ||
| 010 | _ane 62000939 | ||
| 035 | _a(OCoLC)23555398 | ||
| 040 |
_aDLC _cMiU _dDLC |
||
| 042 | _apremarc | ||
| 050 | 0 | 0 |
_aDS294 _b.A73 1942 |
| 100 | 0 |
_aArutin, _ctanburı̂, _dactive 18th century. |
|
| 245 | 1 | 0 | _aTahmas Kulu Hanʼın tevarihi. |
| 260 |
_aAnkara, _bTürk Tarih Kurumu Basımevi, _c1942. |
||
| 300 |
_a48 p. _c25 cm. |
||
| 600 | 0 | 0 |
_aNādir Shāh, _cShah of Iran, _d1688-1747. |
| 810 | 2 |
_aTürk Tarih Kurumu. _tTürk Tarih Kurumu yayınları, seri ; _v2, no. 7. |
|
| 999 |
_c45161 _d45161 |
||